Carregant...

Sankat mochan An epic /

Dades bibliogràfiques
Autor principal: Singh, Kunwar Chandraprakash
Idioma:Undetermined
Publicat: 1992.
LEADER 00394nam a2200121Ia 4500
001 170020
008 170722s9999 xx 000 0 und d
100 |a Singh, Kunwar Chandraprakash 
245 |a Sankat mochan  |b An epic / 
260 |c 1992. 
942 |c GEN 
999 |c 164162  |d 164162 
952 |0 0  |1 0  |4 0  |6 O_1521N105S_N2  |7 0  |8 LC1  |9 228455  |a LIB  |b LIB  |d 2017-08-12  |h LC1  |o O152,1N105,S N2  |p G27280  |r 2017-08-12  |w 2017-08-12  |y GEN